000 00502nam a2200169 4500
001 110356
003 ES-MaACL
005 20230906185032.0
007 t|
008 061121s1953 sp r ||||1| spa d
110 1 _aMadrid.
_bAyuntamiento
_9234069
245 1 0 _aOrdenanzas de Policía Urbana y Gobierno de la Villa de Madrid.
260 _aMadrid :
_bSección de Cultura e Información,
_c1953.
300 _aX, 151 p. ;
_c24 cm.
852 _aES-MaACL
_jC-13262
_bR.39548
999 _c110356
_d110356